| 000 | 00649cam a2200241 4500 | ||
|---|---|---|---|
| 001 | J1346 | ||
| 008 | 090401t1988 xxu||||| |||| 00| 0 eng d | ||
| 035 | _a(Sirsi) u43036 | ||
| 041 | _aeng | ||
| 050 | _a333.335 | ||
| 110 | _aMinistry of Agriculture Fisheries and Food | ||
| 245 | _aAgricultural land prices in England and Wales 1986/87. | ||
| 260 |
_aLondon _bMinistry of Agriculture, Fisheries and F _c1988 |
||
| 300 | _a14p. ; 30cm. | ||
| 350 | _a0 | ||
| 490 |
_aMAFF Statistics _v73/88 |
||
| 650 | _aFARMLAND PRICES | ||
| 650 | _aFARMLAND | ||
| 650 | _aLAND PRICES | ||
| 690 | _aRURAL PRACTICE | ||
| 942 | _n0 | ||
| 948 | _c04/03/1997 | ||
| 999 |
_c91235 _d91235 |
||